ბათუმის შოთა რუსთაველის სახელმწიფო უნივერსიტეტის ბიბლიოთეკა

სკოლამდელი გარემოსდაცვითი განათლება : კლიმატის ცვლილება : სასკოლო მზაობის პროგრამა : (ბიბ.ჩანაწერი № 63642)

000 -ლიდერი
ფიქსირებული სიგრძის საკონტროლო ველი 01436nam a22002177a 4500
003 - საკონტროლო ნომრის იდენტიფიკატორი
საკონტროლო ველი Ge_BSU
005 - ბოლო ოპერაციის თარიღი და დრო
საკონტროლო ველი 20251120161140.0
008 - ფიქსირებული სიგრძის მონაცემთა ელემენტები - ზოგადი ინფორმაცია
ფიქსირებული სიგრძის საკონტროლო ველი 251120s2025 ge ||||| |||| 00| 0 geo d
041 ## - ენის კოდი
Language code of text/sound track or separate title geo
080 ## - უნივერსალური ათობითი კლასიფიკაციის ინდექსი
Universal Decimal Classification number 502.1(075.3) ჯ-58
100 ## - მთავარი ჩანაწერი - პიროვნების სახელი
Personal name ჯიჯავაძე, ნინო
9 (RLIN) 13636
245 ## - ცნობა სათაურის შესახებ
Title სკოლამდელი გარემოსდაცვითი განათლება : კლიმატის ცვლილება : სასკოლო მზაობის პროგრამა :
Remainder of title (დამხმარე სახელმძღვანელო პრაქტიკოსებისთვის) /
Statement of responsibility, etc სახელმძღვანელოს შექმნაზე მუშაობდნენ: ნინო ჯიჯავაძე, ირმა ბოჭორიშვილი; გრაფ. დიზაინერი გიორგი ქინქლაძე.
264 ## - წარმოების, გამოცემის, დისტრიბუციის და სხვა ცნობები
გამოცემის, წარმოების, დისტრიბუციის... ადგილი თბილისი,
გამოცემის, წარმოების, დისტრიბუციის... თარიღი 2025.
300 ## - ფიზიკური აღწერა
Extent 62 გვ. :
Other physical details ილ. ;
Dimensions 30 სმ.
504 ## - BIBLIOGRAPHY, ETC. NOTE
Bibliography, etc ბიბლიოგრაფია: გვ. 59-60.
653 ## - INDEX TERM--UNCONTROLLED
Uncontrolled term გარემოს დაცვა
653 ## - INDEX TERM--UNCONTROLLED
Uncontrolled term კლიმატის ცვლილება
700 ## - ADDED ENTRY--PERSONAL NAME
Personal name ბოჭორიშვილი, ირმა
Relator term ავტორი
9 (RLIN) 26291
700 ## - ADDED ENTRY--PERSONAL NAME
Personal name ქინქლაძე, გიორგი
Relator term დიზაინერი
9 (RLIN) 26292
942 ## - ADDED ENTRY ELEMENTS (KOHA)
Source of classification or shelving scheme
Koha item type წიგნი
ეგზემპლარები
ჩამოწერის სტატუსი დაკარგული ეგზემპლარის სტატუსი კლასიფიკაციის წყარო ან თაროზე გაწყობის სქემა დაზიანების სტატუსი არ გაიცემა მუდმივი მდებარეობა (დაცვის ადგილი) ამჟამინდელი ადგილსამყოფელი თაროზე განთავსების ადგილი შეძენის თარიღი ღირებულება, შესყიდვის ნორმალური ფასი სრული შენახვის შიფრი შტრიხკოდი ბოლო ოპერაციის თარიღი ეგზემპლარის მიმდევრობითი ნომერი (კეტერი?) ფასის ძალაში შესვლის თარიღი ეგზემპლარის სახეობა საჯარო შენიშვნა
          აგრარული და მემბრანული ტექნოლოგიების ინსტიტუტის ბიბლიოთეკა აგრარული და მემბრანული ტექნოლოგიების ინსტიტუტის ბიბლიოთეკა წიგნსაცავი 2025-11-20 7.00 502.1(075.3) ჯ-58 73139 2025-11-20 73139 2025-11-20 წიგნი 7 ლ.